| 000 | 00342nam a2200133Ia 4500 | ||
|---|---|---|---|
| 008 | 230312s9999||||xx |||||||||||||| ||und|| | ||
| 082 |
_a621.395 _bMAN -D |
||
| 100 | _aMano M. Morris | ||
| 245 | 0 | _aDigital Logic and Computer Design | |
| 300 | _a612 | ||
| 546 | _aEng. | ||
| 650 |
_aEngineering _vDigital Logic and Computer Design |
||
| 942 | _cBK | ||
| 999 |
_c8158 _d8158 |
||